[Event "Remote-ch 2012 email"]
[Site "Remote email"]
[Date "2013.12.07"]
[Round "2"]
[White "Nickel, Heinz Leonhard"]
[Black "Schilling, Frank"]
[Result "1/2-1/2"]
[WhiteElo "2501"]
[BlackElo "2443"]
[PlyCount "64"]
[EventDate "2013.??.??"]
[EventType "tourn (corr)"]
[EventRounds "6"]
[EventCountry "GER"]
[SourceTitle "Corr 2015"]
[Source "ChessBase"]
[SourceDate "2015.07.17"]
[SourceVersion "1"]
[SourceVersionDate "2015.07.17"]
[SourceQuality "1"]

1. e4 c5 2. Nf3 Nc6 3. Nc3 g6 4. d4 cxd4 5. Nxd4 Bg7 6. Be3 Nf6 7. Bc4 0-0 8. Bb3 a5 9. 0-0 a4 10. Nxa4 Nxe4 11. Nb5 d6 12. Bb6 Qd7 13. c3 Nf6 14. Nc7 Rb8 15. h3 Qf5 16. f4 Qh5 17. Qxh5 Nxh5 18. Kh2 Nf6 19. g4 h5 20. g5 Nd7 21. Rad1 Nxb6 22. Nxb6 Bf5 23. Rf2 Rbd8 24. Nc4 Rd7 25. Nb5 b6 26. Ba4 Be4 27. Nxb6 Rb7 28. Nd5 Rfb8 29. Nxd6 exd6 30. Bxc6 Rxb2 31. Kg1 Bxd5 32. Bxd5 Bxc3 1/2-1/2